| 000 | 00382nam a2200133Ia 4500 | ||
|---|---|---|---|
| 008 | 220214s9999 xx 000 0 und d | ||
| 245 | 0 | _aWORLD REVIEW OF PEST CONTROL | |
| 260 |
_bWorld Review of Pest Control, England _aUK |
||
| 310 | _aQ | ||
| 500 | _aEnding Volume & Year: 10, 1971 | ||
| 500 | _aMissing Volume: 2;3;5(1) | ||
| 500 | _aStarting Volume & Year: 1, 1962 | ||
| 942 | _cBJ | ||
| 999 |
_c2061 _d2061 |
||